000 00812nas a2200277 4500
001 BR2013008912
003 BR-BrBNA
005 20231205123207.0
007 ta
008 230509b bl.|||p| |||| 00| 00por d
040 _aBR-BrBNA
_bpor
_cBiblioteca Nacional de Agricultura
041 _a(Pt)
072 _aK50
100 1 _aSantana, O.A.
100 1 _aEncinas, J.I.
245 1 _aInfluência do vento no volume de toras e no fator de forma de Pinus caribaea var. hondurensis
650 _aPINHEIRO
650 _aPINUS CARIBAEAE
650 _aVOLUME
650 _aTORA
650 _aPESQUISA
650 _aMÉTODO ESTATÍSTICO
773 0 _tCerne (Brazil)
_xISSN 0104-7760
_g(Apr-Jun 2013), v. 19(2) p. 347-356
_wBR2013008912
909 _a202311
_bLúcia
_c55
_dLúcia Elande
942 _2AGRIS
_n0
_cANA
999 _c232627
_d232627